Los epígrafes en el catálogo diccionario; (Record no. 51589)

MARC details
000 -LEADER
fixed length control field 00897cam a22002531 4500
001 - CONTROL NUMBER
control field pa 66000028
003 - CONTROL NUMBER IDENTIFIER
control field DLC
005 - DATE AND TIME OF LATEST TRANSACTION
control field 20260227111857.0
008 - FIXED-LENGTH DATA ELEMENTS--GENERAL INFORMATION
fixed length control field 750813s1966 xx 000 0 spa
010 ## - LIBRARY OF CONGRESS CONTROL NUMBER
LC control number pa 66000028
035 ## - SYSTEM CONTROL NUMBER
System control number (OCoLC)1544344
040 ## - CATALOGING SOURCE
Original cataloging agency DLC
Transcribing agency FU
Modifying agency DLC
042 ## - AUTHENTICATION CODE
Authentication code premarc
050 00 - LIBRARY OF CONGRESS CALL NUMBER
Classification number Z695
Item number .R68 1966
100 1# - MAIN ENTRY--PERSONAL NAME
Personal name Rovira, Carmen.
245 14 - TITLE STATEMENT
Title Los epígrafes en el catálogo diccionario;
Remainder of title con un código de reglas para la asignación de epígrafes en las bibliotecas de habla española,
Statement of responsibility, etc. por Carmen Rovira.
250 ## - EDITION STATEMENT
Edition statement 2. ed., rev.
260 ## - PUBLICATION, DISTRIBUTION, ETC.
Place of publication, distribution, etc. Washington,
Name of publisher, distributor, etc. Unión Panamericana,
Date of publication, distribution, etc. 1966.
300 ## - PHYSICAL DESCRIPTION
Extent vi, 134 p.
Dimensions 28cm.
490 1# - SERIES STATEMENT
Series statement Unión Panamericana. Biblioteca Colón. Estudios bibliotecarios,
Volume/sequential designation no. 9
504 ## - BIBLIOGRAPHY, ETC. NOTE
Bibliography, etc. note Includes bibliographies.
650 #0 - SUBJECT ADDED ENTRY--TOPICAL TERM
Topical term or geographic name entry element Subject headings.
810 2# - SERIES ADDED ENTRY--CORPORATE NAME
Corporate name or jurisdiction name as entry element Columbus Memorial Library.
Title of a work Estudios bibliotecarios ;
Volume/sequential designation no. 9.

No items available.

Powered by Koha